Pays de naissance des joueurs du LOSC 2024-25 - Statistiques

Statistiques générales
  • Ce quiz a été pris 113 fois
  • Le résultat moyen est 26 sur 29
Statistiques - réponses
Hint Réponse % Correct
Marc-Aurèle Caillard France
100%
Ousmane Touré France
100%
Lucas Chevalier France
100%
Bafodé Diakité France
100%
Akim Zedadka France
100%
Nabil Bentaleb France
100%
Rémy Cabella France
100%
Benjamin André France
100%
Ethan Mbappé France
100%
Ayyoub Bouaddi France
100%
Matias Fernandez-Pardo France
100%
Mohamed Bayo France​
100%
Ngal'ayel Mukau Belgique​
98%
Thomas Meunier Belgique​
98%
Aïssa Mandi Algérie​
96%
Tiago Santos Portugal
96%
Rafael Fernandes Portugal
96%
André Gomes Portugal
96%
Vito Mannone Italie​
95%
Alexsandro Ribeiro Brésil
94%
Ismaily Brésil
94%
Gabriel Gudmundsson Suède
91%
Häkon Arnar Haraldsson Islande
84%
Mitchell Baker Pays-Bas​
82%
Angel Gomes Angleterre
81%
Jonathan David États-Unis
62%
Osame Sahraoui Norvège
60%
Samuel Umtiti Cameroun
57%
Edon Zhegrova Allemagne
45%
Aucun quiz correspondant
Distribution des résultats
% des personnes avec chaque résultat
Percentile par nombre de réponses
Votre historique - résultats
Vous n’avez pas pris ce quiz